Dzień w historii – listopad - Statystyki

Ogólne statystyki
  • Ten quiz został rozwiązany 255 razy
  • Średni wynik to 21 z 30
Statystyki odpowiedzi
Data Rok Wskazówka Odpowiedź % Poprawnych
9 Lis 1989 Ten mur zostaje zburzony Mur {Berliński}
99%
5 Lis 1370 Umiera ten król Polski, zostawiając ją murowaną Kazimierz III Wielki
97%
12 Lis 1927 Niepodważalną kontrolę nad Związkiem Radzieckim otrzymał ten dyktator Józef Stalin
96%
21 Lis 1905 Ten naukowiec prezentuje znane równanie: E = mc2 Albert Einstein
93%
6 Lis 2021 W całej Polsce mają miejsce protesty związane ze śmiercią Izabeli z Pszczyny i obowiązującym prawem dotyczącym tego zabiegu medycznego Aborcja
92%
11 Lis 1918 Polska odzyskuje niepodległość po tylu latach zaborów 123
91%
22 Lis 1963 W Dallas ma miejsce zamach na tego lidera politycznego John F. Kennedy
91%
19 Lis 1190 Zostaje założony ten zakon rycerski, który wiele lat później utworzy państwo w Prusach i Inflantach Zakon {Krzyżacki}
91%
17 Lis 1869 Otwarty zostaje ten kanał łączący Morze Śródziemne z Czerwonym Kanał {Sueski}
89%
28 Lis 1848 To miasto zostaje wybrane stolicą Szwajcarii Berno
88%
30 Lis 1939 ZSRR najeżdża ten kraj, rozpoczynając wojnę zimową Finlandia
83%
4 Lis 2000 Wyemitowano na TVP2 pierwszy odcinek tego kultowego polskiego serialu o rodzinie Mostowiaków M jak miłość
81%
13 Lis 1905 Wynik norweskiego referendum zdecydował, że kraj pozostanie przy tej formie rządów Monarchia
81%
23 Lis 1991 Dzień przed swoją śmiercią ten piosenkarz wyjawia, że wykryto u niego wirusa HIV Freddie Mercury
80%
15 Lis 1920 To miasto na granicy polsko-niemieckiej staje się częściowo niepodległym miastem-państwem Gdańsk
79%
3 Lis 1903 Państwo to odłącza się od Kolumbii pod naciskiem USA Panama
77%
10 Lis 1928 Ten człowiek zostaje koronowany na cesarza Japonii, który będzie panował tam aż do śmierci w 1989 roku Hirohito
76%
27 Lis 1095 Papież Urban II zwołuje tę wyprawę wojenną I wyprawa krzyżowa
76%
24 Lis 1859 Ten przyrodnik publikuje "O powstaniu gatunków" Karol Darwin
75%
26 Lis 1986 Oddana do użytku zostaje Droga Króla Fahda, most łączący Arabię Saudyjską z tym państwem Bahrajn
64%
1 Lis 1705 August II Mocny ustanawia to najstarsze polskie odznaczenie państwowe Order Orła Białego
60%
14 Lis 1995 FSO podpisuje z tym południowokoreańskim koncernem motoryzacyjnym umowę o powołanie wspólnej spółki Daewoo
59%
7 Lis 1800 Francja zakazuje kobietom noszenia tej części garderoby (zakaz zostanie potem uchylony w 2013 roku) Spodnie
56%
2 Lis 2000 Pierwsza stała załoga przybyła na tę stację kosmiczną Międzynarodowa Stacja Kosmiczna
51%
8 Lis 1519 Ten konkwistador wkracza do Tenochtitlána Hernán Cortés
48%
20 Lis 1962 ZSRR wycofał tę broń z Kuby, a USA zniosło blokadę morską wyspy, co zakończyło kryzys kubański Rakiety
40%
18 Lis 1978 Ponad 900 członków sekty Świątynia Ludu działającej w tym państwie popełniło zbiorowe samobójstwo Gujana
39%
16 Lis 1846 Austria dokonała aneksji tego obszaru wokół Krakowa Wolne Miasto Kraków
38%
29 Lis 1830 Ten podporucznik wygłasza mowę, która mobilizuje swoich słuchaczy do rozpoczęcia powstania listopadowego Piotr Wysocki
35%
25 Lis 1936 III Rzesza zawarła ten pakt z Japonią Pakt {antykominternowski}
27%
Nie znaleziono quizów pasujących do podanych kryteriów
Rozkład punktacji
Procent ludzi z każdym wynikiem
Percentyl według liczby udzielonych odpowiedzi
Twoja historia wyników
Nie rozwiązałeś tego quizu